| 000 | 00447nam a2200181Ia 4500 | ||
|---|---|---|---|
| 001 | 12807 | ||
| 005 | 20260306163008.0 | ||
| 008 | 260306t2008||||xx |||||||||||||| ||spa|| | ||
| 041 | _aESP | ||
| 082 |
_aRD 340.03 _bC92 |
||
| 100 |
_aCruzado Balcázar, Alejandro _eAUT |
||
| 245 | 0 | _aDiccionario de sinónimos jurídicos | |
| 260 | _c2008 | ||
| 300 |
_a502. páginas : _c24 cm. |
||
| 650 | _aGEN | ||
| 654 | _aCDE | ||
| 942 |
_cDIC _dJUS _fJUS _2ddc _n |
||
| 999 |
_c12807 _d12807 |
||